000 00923nam1a22002531 4500
001 rc\3816460
005 20120410181520.3
021 _aRU
_b[75-66416]
035 _a(NLR Aleph) 007273960
090 _a5438997
_c5438997
100 _a20120410g1975 |||y0rusy50 ca
101 0 _arus
102 _aRU
_aRU
105 _a z |||||
200 1 _aТеоретические основы современной номографии
_e(Конспект лекций)
_eЧ. 1-
_fМ-во высш. и сред. спец. образования СССР. Моск. авиац. ин-т им. Серго Орджоникидзе
210 _aМосква
_c[МАИ]
_d1975-
215 _d20
606 _aНомография
_2psbo
700 1 _aНартова
_bЛ. Г.
_f1933-
_gЛидия Григорьевна
801 0 _aRU
_bNLR
_gpsbo
801 1 _aRU
_bELAR
_2rusmarc
852 _aNLR
_j75-4/18041
942 _cBOOK
980 _aNB